[Event "European Individual Chess Championship "]
[Site "Reykjavik, Iceland"]
[Date "2021.08.29"]
[Round "4.47"]
[White "Heimisson, Hilmir Freyr"]
[Black "Kobo, Ori"]
[Result "0-1"]
[WhiteElo "2309"]
[BlackElo "2490"]
[PlyCount "108"]
[EventDate "2021.08.26"]

1. d4 Nf6 2. c4 g6 3. g3 Bg7 4. Bg2 O-O 5. Nc3 d6 6. Nf3 Nc6 7. O-O e5 8. dxe5
dxe5 9. Bg5 h6 10. Qxd8 Rxd8 11. Bxf6 Bxf6 12. Nd5 Kg7 13. Nd2 Bg4 14. e3 Be7
15. h3 Bf5 16. Rfd1 Rac8 17. Rac1 Bf8 18. a3 a5 19. Nc3 Be6 20. g4 f5 21. Bd5
Kf6 22. Nb3 Ra8 23. Nb5 Rdc8 24. Bxe6 Kxe6 25. Rd5 Nb8 26. f4 exf4 27. exf4 c6
28. Re5+ Kf7 29. Nc3 a4 30. Nd4 Nd7 31. Re2 Bc5 32. Rd1 Nf6 33. Kg2 fxg4 34.
hxg4 Nxg4 35. Kf3 Bxd4 36. Rxd4 Nf6 37. Ne4 Nxe4 38. Rd7+ Kf6 39. Rxe4 Rd8 40.
Rxb7 Rab8 41. Rbe7 Rb3+ 42. Kg4 h5+ 43. Kh4 Rd1 44. R4e6+ Kf5 45. Re5+ Kxf4 46.
Re4+ Kf3 47. Kg5 Rg1+ 48. Kh6 Rg4 49. R4e6 h4 50. Rxc6 h3 51. Re1 h2 52. Rf6+
Kg2 53. Re2+ Kg3 54. Re1 Rh4+ 0-1

[Event "European Individual Chess Championship "]
[Site "Reykjavik, Iceland"]
[Date "2021.08.29"]
[Round "4.48"]
[White "Maurizzi, Marc Andria"]
[Black "Milikow, Elie"]
[Result "1-0"]
[WhiteElo "2488"]
[BlackElo "2242"]
[PlyCount "77"]
[EventDate "2021.08.26"]

1. e4 c5 2. Nf3 Nc6 3. Bb5 e6 4. O-O Nge7 5. Re1 a6 6. Bxc6 bxc6 7. e5 d6 8.
exd6 Nf5 9. d7+ Qxd7 10. Na3 f6 11. Nc4 Rb8 12. a4 Be7 13. a5 Bd8 14. b3 Qd5
15. Ba3 Bc7 16. Nb6 Bxb6 17. axb6 Rxb6 18. c4 Qd6 19. d4 Nxd4 20. Nxd4 Qxd4 21.
Qh5+ g6 22. Qh6 Qd7 23. Bxc5 Rxb3 24. Rad1 Qc7 25. h4 Kf7 26. Bf8 Ke8 27. Bg7
Rg8 28. Bxf6 Rb7 29. Rd8+ Qxd8 30. Bxd8 Kxd8 31. Rd1+ Ke8 32. Rd6 Rc7 33. Qe3
c5 34. Qd2 Ke7 35. Rb6 Rd8 36. Qg5+ Ke8 37. h5 gxh5 38. Qg8+ Ke7 39. Qxh7+ 1-0

[Event "European Individual Chess Championship "]
[Site "Reykjavik, Iceland"]
[Date "2021.08.29"]
[Round "4.49"]
[White "Sylvan, Jacob"]
[Black "Vrolijk, Liam"]
[Result "1/2-1/2"]
[WhiteElo "2307"]
[BlackElo "2480"]
[PlyCount "53"]
[EventDate "2021.08.26"]

1. c4 e6 2. g3 d5 3. Bg2 Nc6 4. Nf3 d4 5. O-O Nh6 6. Na3 Nf5 7. e4 dxe3 8. dxe3
Qxd1 9. Rxd1 Bxa3 10. bxa3 e5 11. Bb2 f6 12. Nd2 Nfe7 13. Nb3 Rb8 14. a4 Be6
15. Bd5 Bg4 16. Rd2 Nxd5 17. cxd5 Ne7 18. e4 b6 19. Kg2 Bd7 20. a5 Kf7 21. f3
c6 22. dxc6 Bxc6 23. Ba3 Rhd8 24. Rad1 Rxd2+ 25. Rxd2 Ke8 26. Kf2 Rd8 27. Rxd8+
1/2-1/2

[Event "European Individual Chess Championship "]
[Site "Reykjavik, Iceland"]
[Date "2021.08.29"]
[Round "4.51"]
[White "Grigorian, Spartak"]
[Black "Wecker, Martin"]
[Result "1-0"]
[WhiteElo "2448"]
[BlackElo "2195"]
[PlyCount "111"]
[EventDate "2021.08.26"]

1. d4 Nf6 2. c4 e6 3. Nf3 d5 4. Nc3 Bb4 5. Qa4+ Nc6 6. e3 dxc4 7. Bxc4 O-O 8.
O-O a6 9. Rd1 Qe7 10. Qc2 b5 11. Bd3 Bb7 12. Ne4 Bd6 13. Nxf6+ gxf6 14. Bxh7+
Kg7 15. Be4 Nb4 16. Qb1 c6 17. a3 Nd5 18. Bd3 f5 19. e4 fxe4 20. Bxe4 Rh8 21.
g3 f5 22. Bxd5 cxd5 23. Re1 Rh5 24. h4 f4 25. Qd3 fxg3 26. fxg3 Bxg3 27. Bg5
Qf7 28. Rf1 Qg6 29. Qxg6+ Kxg6 30. Ne5+ Bxe5 31. dxe5 Rxg5+ 32. hxg5 d4 33.
Rf6+ Kxg5 34. Kf2 Rc8 35. Rg1+ Kh5 36. Rxe6 Rc2+ 37. Kg3 Rxb2 38. Re7 Rb3+ 39.
Kh2 Be4 40. Re8 Rb2+ 41. Kh3 Rb3+ 42. Rg3 Rxg3+ 43. Kxg3 Kg5 44. Rf8 Bd5 45.
Kf2 a5 46. Ke2 Bc4+ 47. Kd2 a4 48. Rf6 b4 49. axb4 a3 50. Kc1 a2 51. Kb2 d3 52.
Rf2 Kg4 53. e6 Bxe6 54. b5 Bd5 55. b6 Be4 56. Kxa2 1-0

[Event "European Individual Chess Championship "]
[Site "Reykjavik, Iceland"]
[Date "2021.08.29"]
[Round "4.52"]
[White "Petkov, Momchil"]
[Black "Gueci, Tea"]
[Result "1/2-1/2"]
[WhiteElo "2443"]
[BlackElo "2188"]
[PlyCount "86"]
[EventDate "2021.08.26"]

1. e4 c5 2. Nf3 Nc6 3. Bb5 g6 4. O-O Bg7 5. c3 e5 6. d4 cxd4 7. cxd4 exd4 8.
Bf4 Nge7 9. Bd6 a6 10. Bd3 O-O 11. Nbd2 b5 12. a4 bxa4 13. Rxa4 a5 14. b4 Bb7
15. b5 Nb4 16. Bc4 Nc8 17. Bxf8 Qxf8 18. e5 Nb6 19. Ra1 Bxf3 20. Qxf3 Bxe5 21.
Bb3 d5 22. Rfe1 Qd6 23. g3 a4 24. Qe2 Bf6 25. Qd1 d3 26. Rxa4 Nxa4 27. Bxa4 Bc3
28. Bb3 Kg7 29. Rf1 Re8 30. Qc1 Qf6 31. Nf3 Re2 32. Bd1 Ra2 33. Qe3 Qe6 34. Qc5
Qf6 35. b6 Ra8 36. b7 Rb8 37. Qc8 Na6 38. Bb3 Qxf3 39. Qxc3+ Qf6 40. Qxf6+ Kxf6
41. Bxd5 Nc5 42. Rc1 d2 43. Rd1 Nxb7 1/2-1/2

[Event "European Individual Chess Championship "]
[Site "Reykjavik, Iceland"]
[Date "2021.08.29"]
[Round "4.53"]
[White "Thorfinnsson, Bragi"]
[Black "Karlsson, Mikael Johann"]
[Result "1-0"]
[WhiteElo "2439"]
[BlackElo "2067"]
[PlyCount "67"]
[EventDate "2021.08.26"]

1. b3 c5 2. Bb2 Nc6 3. e3 b6 4. f4 d5 5. Nf3 Nf6 6. Bb5 Bd7 7. O-O Rc8 8. d3 e6
9. Nbd2 d4 10. Bxc6 Bxc6 11. exd4 Nd5 12. Qe1 Nxf4 13. Ne4 Bxe4 14. Qxe4 Ng6
15. h4 Qd5 16. Qxd5 exd5 17. Rae1+ Ne7 18. c4 f6 19. h5 h6 20. cxd5 Kd7 21. d6
Nd5 22. dxc5 Rxc5 23. Nd4 Nb4 24. Ne6 Rxh5 25. Nxf8+ Rxf8 26. Re7+ Kxd6 27.
Rxa7 Nxd3 28. Rd1 Re8 29. Rxd3+ Kc6 30. Rxg7 Re2 31. Bxf6 Rxa2 32. Rg6 b5 33.
Bg7+ Kc7 34. Rf3 1-0

[Event "European Individual Chess Championship "]
[Site "Reykjavik, Iceland"]
[Date "2021.08.29"]
[Round "4.54"]
[White "Lubbe, Nikolas"]
[Black "Ptacnikova, Lenka"]
[Result "1-0"]
[WhiteElo "2427"]
[BlackElo "2109"]
[PlyCount "43"]
[EventDate "2021.08.26"]

1. d4 f5 2. c4 Nf6 3. g3 g6 4. Bg2 Bg7 5. Nc3 O-O 6. Nh3 Nc6 7. O-O e6 8. d5
Ne5 9. Qb3 c6 10. Rd1 Qa5 11. Bf4 Nfg4 12. Rac1 h6 13. Bd2 Qc7 14. Na4 Nf7 15.
Bb4 Re8 16. Nf4 Kh7 17. e4 e5 18. exf5 exf4 19. fxg6+ Kxg6 20. Qc2+ Kf6 21. d6
Qd8 22. Rd4 1-0

[Event "European Individual Chess Championship "]
[Site "Reykjavik, Iceland"]
[Date "2021.08.29"]
[Round "4.55"]
[White "Papidakis, Georgios"]
[Black "Samadov, Read"]
[Result "1/2-1/2"]
[WhiteElo "2228"]
[BlackElo "2360"]
[PlyCount "361"]
[EventDate "2021.08.26"]

1. e4 c5 2. Nf3 d6 3. Bb5+ Nd7 4. a4 Ngf6 5. Nc3 e6 6. d4 cxd4 7. Qxd4 Be7 8.
Bg5 a6 9. Bxd7+ Qxd7 10. Rd1 Qc7 11. O-O Bd7 12. Bf4 e5 13. Nxe5 dxe5 14. Bxe5
Qc6 15. Nd5 Nxd5 16. exd5 Qxa4 17. Qe3 O-O 18. Bxg7 Rfc8 19. Bd4 f6 20. Qg3+
Kh8 21. Qh4 Kg8 22. Rd3 Bf5 23. Rg3+ Bg6 24. d6 Bd8 25. Qg4 f5 26. Qd1 Qd7 27.
Bc3 Rc6 28. Qd5+ Kf8 29. Rf3 Rxd6 30. Bb4 Be7 31. Bxd6 Qxd6 32. Qxb7 Rb8 33.
Qa7 Rxb2 34. Rd3 Qb6 35. Qa8+ Kf7 36. Qc8 Qc5 37. Qxa6 Rxc2 38. Qb7 Kf6 39. h4
Qc6 40. Qb8 Kf7 41. Rf3 Bxh4 42. Re1 Kg7 43. Qa7+ Qc7 44. Qd4+ Bf6 45. Qd5 Rc5
46. Qe6 Rc6 47. Qd5 Rd6 48. Qb5 Qb6 49. Rxf5 Bxf5 50. Qxf5 Qc7 51. Qg4+ Kf8 52.
Qb4 Kg7 53. Qg4+ Kf8 54. Qb4 Kf7 55. Qe4 Kg8 56. Qg4+ Bg7 57. Qh5 Qc4 58. Qe8+
Bf8 59. g3 Rf6 60. Qe5 Qf7 61. Qg5+ Bg7 62. Re2 h6 63. Qe3 Qb7 64. Qe4 Qb3 65.
Qa8+ Kh7 66. Qe4+ Kh8 67. Qc2 Qb5 68. Qe4 Qb3 69. Qc2 Qf3 70. Qe4 Qc3 71. Qc2
Qa1+ 72. Kg2 Rf8 73. Qg6 Qd4 74. Qc2 Qd5+ 75. Qe4 Qf7 76. Qe3 Qf6 77. Qe4 Qb6
78. Rd2 Bc3 79. Rc2 Qf6 80. Re2 Bd4 81. f4 Qb6 82. Qe6 Qb7+ 83. Qe4 Qg7 84. Qe7
Rf7 85. Qe8+ Kh7 86. Qe4+ Kg8 87. Qe8+ Rf8 88. Qe6+ Kh8 89. Qe7 Bf6 90. Qxg7+
Kxg7 91. Kf3 Kg6 92. Rd2 Ra8 93. Rd3 Ra2 94. Kg4 Rf2 95. Rd5 Rf1 96. Ra5 Rh1
97. Rb5 Rh2 98. Ra5 h5+ 99. Kf3 Rb2 100. Rd5 Rc2 101. Ra5 Bd4 102. Ke4 Bf2 103.
Ra6+ Kg7 104. Ra5 Kg6 105. Ra6+ Kf7 106. Ra5 Bxg3 107. Rxh5 Rc4+ 108. Kf3 Be1
109. Rh7+ Kg6 110. Re7 Bd2 111. Re4 Rc1 112. Rd4 Rc2 113. Rd6+ Kf5 114. Rd5+
Ke6 115. Re5+ Kf6 116. Rd5 Bb4 117. Kg4 Rg2+ 118. Kf3 Rg1 119. Rd4 Bc5 120. Rd5
Bf8 121. Ra5 Bd6 122. Ra4 Rf1+ 123. Kg4 Rg1+ 124. Kf3 Rc1 125. Kg4 Ke6 126.
Re4+ Kd5 127. Ra4 Rg1+ 128. Kf5 Rg8 129. Ra5+ Kd4 130. Ra4+ Ke3 131. Ke6 Bxf4
132. Rb4 Kf3 133. Ra4 Rg5 134. Rb4 Kg4 135. Ra4 Re5+ 136. Kf6 Rd5 137. Ra6 Rh5
138. Re6 Rg5 139. Re4 Rd5 140. Re6 Bg5+ 141. Kg6 Rf5 142. Re4+ Bf4 143. Ra4 Rd5
144. Ra6 Rh5 145. Ra4 Rh6+ 146. Kg7 Rd6 147. Ra5 Kf3 148. Ra4 Be3 149. Kf7 Bc5
150. Rc4 Rc6 151. Ke8 Re6+ 152. Kd7 Re5 153. Ra4 Ke2 154. Kc6 Kd3 155. Ra1 Bb4
156. Rh1 Bc3 157. Kd6 Rf5 158. Ke6 Re5+ 159. Kd6 Kc4 160. Rc1 Rf5 161. Rc2 Rf6+
162. Ke7 Rg6 163. Kf7 Rc6 164. Rc1 Kd5 165. Rd1+ Bd4 166. Re1 Rf6+ 167. Kg8 Be5
168. Rb1 Rg6+ 169. Kh7 Rg7+ 170. Kh6 Ke6 171. Rf1 Bf6 172. Kh5 Rg5+ 173. Kh6
Kf7 174. Rf2 Ra5 175. Rf1 Ra4 176. Rf5 Rb4 177. Ra5 Rb8 178. Kh5 Rb4 179. Kh6
Rg4 180. Ra7+ Be7 181. Ra5 1/2-1/2

[Event "European Individual Chess Championship "]
[Site "Reykjavik, Iceland"]
[Date "2021.08.29"]
[Round "4.56"]
[White "Bosiocic, Marin"]
[Black "Johannsson, Birkir Isak"]
[Result "1-0"]
[WhiteElo "2610"]
[BlackElo "2052"]
[PlyCount "69"]
[EventDate "2021.08.26"]

1. d4 d5 2. c4 e6 3. Nf3 Nf6 4. g3 dxc4 5. Bg2 c6 6. Ne5 Bb4+ 7. Bd2 Be7 8. e3
b5 9. a4 b4 10. Nxc4 O-O 11. a5 Bb7 12. Qa4 Qc7 13. a6 Bxa6 14. Bxb4 Bxb4+ 15.
Qxb4 Nd5 16. Qb3 Bxc4 17. Qxc4 Nd7 18. O-O Rfb8 19. Rc1 Rxb2 20. Nc3 Nxc3 21.
Rxc3 Rab8 22. Bxc6 Rc8 23. Rac1 Qd6 24. Qa4 Nb8 25. Bf3 Rxc3 26. Rxc3 Qd7 27.
Qxa7 Rb1+ 28. Kg2 g6 29. Qa5 Rb5 30. Qa1 Rb6 31. Ra3 Nc6 32. Qc3 Nd8 33. Ra8
Rd6 34. Qc5 Kg7 35. Ra7 1-0

[Event "European Individual Chess Championship "]
[Site "Reykjavik, Iceland"]
[Date "2021.08.29"]
[Round "4.57"]
[White "Kjartansson, David"]
[Black "Domalchuk-Jonasson, Aleksandr"]
[Result "1-0"]
[WhiteElo "2326"]
[BlackElo "2052"]
[PlyCount "59"]
[EventDate "2021.08.26"]

1. d4 Nf6 2. c4 e6 3. Nf3 a6 4. g3 b5 5. cxb5 axb5 6. Bg2 Bb7 7. O-O Be7 8. Bg5
O-O 9. Nbd2 d6 10. Qc2 Nbd7 11. a3 c5 12. dxc5 Nxc5 13. b4 Na4 14. Rac1 Rc8 15.
Qd3 Qb6 16. Be3 Qa6 17. Nd4 Bxg2 18. Kxg2 Nd5 19. N2b3 g6 20. Bh6 Rfd8 21. Na5
Ndc3 22. Bd2 Nb2 23. Qf3 Nd5 24. e4 Nb6 25. Nac6 Re8 26. Nxe7+ Rxe7 27. Qf6 Nd7
28. Rxc8+ Qxc8 29. Qxe7 Nc4 30. Bh6 1-0

[Event "European Individual Chess Championship "]
[Site "Reykjavik, Iceland"]
[Date "2021.08.29"]
[Round "4.58"]
[White "Pein, Malcolm"]
[Black "Butenandt, Svenja"]
[Result "1-0"]
[WhiteElo "2309"]
[BlackElo "2036"]
[PlyCount "107"]
[EventDate "2021.08.26"]

1. Nf3 Nf6 2. c4 e6 3. Nc3 d5 4. d4 c6 5. e3 Nbd7 6. Qc2 Be7 7. Be2 b6 8. O-O
O-O 9. b3 Bb7 10. Bb2 c5 11. cxd5 Nxd5 12. Nxd5 Bxd5 13. e4 Bb7 14. Rad1 cxd4
15. Rxd4 Bc5 16. Rdd1 Rc8 17. Bb5 Rc7 18. Ne5 Bd4 19. Qe2 Nxe5 20. Bxd4 Qd6 21.
Bb2 Qc5 22. b4 Qxb4 23. Bxe5 Rc5 24. Rb1 Qxe4 25. Qxe4 Bxe4 26. Bd6 Rg5 27. Rb4
Bxg2 28. h4 Rg6 29. Bxf8 Bxf1+ 30. Kxf1 Kxf8 31. Rc4 Rh6 32. Rc8+ Ke7 33. Rc7+
Kd6 34. Rxa7 Rxh4 35. Rxf7 g5 36. a4 h6 37. Rb7 Kc5 38. Rc7+ Kd5 39. Rc6 Rf4
40. Rxb6 g4 41. Ke2 h5 42. a5 Kc5 43. Bd7 Re4+ 44. Kf1 Rd4 45. Bxe6 Rd1+ 46.
Kg2 Ra1 47. Bf7 h4 48. Rh6 g3 49. f3 Ra4 50. a6 Rb4 51. Kh3 Ra4 52. Be8 Ra3 53.
Rxh4 Rxf3 54. Ra4 1-0

[Event "European Individual Chess Championship "]
[Site "Reykjavik, Iceland"]
[Date "2021.08.29"]
[Round "4.59"]
[White "Johannsdottir, Johanna Bjorg"]
[Black "Milikow, Yoav"]
[Result "0-1"]
[WhiteElo "2019"]
[BlackElo "2287"]
[PlyCount "142"]
[EventDate "2021.08.26"]

1. e4 e5 2. Nf3 Nc6 3. Bc4 Nf6 4. d3 Be7 5. O-O O-O 6. Nc3 d6 7. h3 Na5 8. Bb3
h6 9. Be3 Nxb3 10. axb3 Re8 11. d4 exd4 12. Nxd4 Bf8 13. Qd3 a6 14. Nde2 b6 15.
Ng3 Bb7 16. Rad1 b5 17. Nd5 Nxd5 18. exd5 Qd7 19. c4 c6 20. Nh5 bxc4 21. bxc4
cxd5 22. Bd4 Qe6 23. cxd5 Qxd5 24. Nf4 Qg5 25. Be3 Re4 26. Nd5 Qxd5 27. Qxd5
Bxd5 28. Rxd5 Rb4 29. Ra1 Rxb2 30. Rda5 f6 31. Kf1 Kf7 32. Rxa6 Rxa6 33. Rxa6
Ke6 34. h4 Be7 35. Bf4 f5 36. g3 g5 37. hxg5 hxg5 38. Be3 Kd5 39. Ra7 Ke6 40.
Ra6 Rc2 41. Ke1 Bf6 42. Kd1 Rc4 43. Ke2 Rc2+ 44. Kd3 Rb2 45. Kc4 Be7 46. Bd4
Rd2 47. Rb6 f4 48. gxf4 gxf4 49. Ra6 Kf5 50. f3 Rd1 51. Ra5+ Kg6 52. Bf2 Rf1
53. Ra2 Kf5 54. Rd2 Bf6 55. Kd3 Be5 56. Ke2 Rh1 57. Bb6 Ke6 58. Kd3 Kd5 59. Bf2
Rh3 60. Ke2+ Kc4 61. Rd1 d5 62. Rc1+ Bc3 63. Rg1 Rh2 64. Rc1 d4 65. Kf1 d3 66.
Kg1 d2 67. Rf1 Rh7 68. Bb6 Kd3 69. Bc5 Rg7+ 70. Kf2 Bf6 71. Rh1 Bh4+ 0-1

[Event "European Individual Chess Championship "]
[Site "Reykjavik, Iceland"]
[Date "2021.08.29"]
[Round "4.60"]
[White "Karason, Askell O"]
[Black "Pozimski, Szymon"]
[Result "1-0"]
[WhiteElo "2270"]
[BlackElo "2019"]
[PlyCount "93"]
[EventDate "2021.08.26"]

1. d4 d5 2. c4 dxc4 3. e4 e5 4. Nf3 Bb4+ 5. Nc3 exd4 6. Nxd4 Ne7 7. Bxc4 O-O 8.
O-O a6 9. Bg5 Qd7 10. Qb3 Bxc3 11. Qxc3 Nbc6 12. Nf3 Qe8 13. Rfe1 Ng6 14. Be3
Nge7 15. Bf4 Bg4 16. Bxc7 Qd7 17. Bg3 Rfc8 18. Qe3 Nd8 19. Bb3 Be6 20. Rad1 Qb5
21. Nd4 Qa5 22. Nxe6 Nxe6 23. Rd7 Re8 24. Rxb7 Nc5 25. Bc7 Qxe1+ 26. Qxe1 Nxb7
27. Qb4 Nd8 28. f3 Nec6 29. Qa4 Re7 30. Bb6 a5 31. Bd5 Rc8 32. Qc4 Na7 33. Qa6
Ndc6 34. Bxa5 Nxa5 35. Qxa5 g6 36. b4 Rec7 37. b5 Rc1+ 38. Kf2 R8c2+ 39. Kg3
Nc8 40. Bb3 Rc5 41. Qd8+ Kg7 42. b6 Nxb6 43. Qxb6 R1c3 44. h4 h5 45. Qa7 Rc7
46. Qd4+ Kh7 47. Bxf7 1-0

[Event "European Individual Chess Championship "]
[Site "Reykjavik, Iceland"]
[Date "2021.08.29"]
[Round "4.61"]
[White "Petursson, Gudni"]
[Black "Vedder, Richard"]
[Result "0-1"]
[WhiteElo "1988"]
[BlackElo "2266"]
[PlyCount "72"]
[EventDate "2021.08.26"]

1. d4 d5 2. c4 dxc4 3. e3 Nf6 4. Bxc4 e6 5. Nf3 a6 6. O-O Be7 7. Nc3 b5 8. Bb3
Bb7 9. a4 b4 10. Ne2 Nbd7 11. Nf4 Nd5 12. Nxd5 Bxd5 13. Bxd5 exd5 14. Qb3 Nf6
15. Ne5 Bd6 16. f4 a5 17. Bd2 Bxe5 18. fxe5 Ne4 19. Qd3 O-O 20. Rac1 Re8 21.
Rc6 Re6 22. Rxe6 fxe6 23. Be1 c5 24. Qb5 Qc7 25. Qe2 c4 26. Qg4 Qd7 27. Bh4 Rf8
28. Rxf8+ Kxf8 29. h3 Qf7 30. Bd8 c3 31. bxc3 b3 32. Qd1 Qf2+ 33. Kh2 Qg3+ 34.
Kg1 Qxe3+ 35. Kh2 Qf4+ 36. Kg1 b2 0-1

[Event "European Individual Chess Championship "]
[Site "Reykjavik, Iceland"]
[Date "2021.08.29"]
[Round "4.62"]
[White "Thorsteinsson, Thorsteinn"]
[Black "Kueng, Nicolas"]
[Result "1-0"]
[WhiteElo "2260"]
[BlackElo "2005"]
[PlyCount "119"]
[EventDate "2021.08.26"]

1. c4 Nf6 2. g3 g6 3. Bg2 Bg7 4. Nc3 O-O 5. e4 c5 6. Nge2 Nc6 7. d3 d6 8. O-O
Bg4 9. f3 Bd7 10. Be3 a6 11. Kh1 Rb8 12. a4 Na5 13. e5 Ne8 14. f4 b6 15. exd6
Nxd6 16. Rb1 Nc6 17. Bg1 Qc8 18. a5 Nxa5 19. b4 cxb4 20. Nd5 Qd8 21. Nxb4 Bc8
22. Nd5 b5 23. c5 Nf5 24. Nb4 Be6 25. Qc2 Nd4 26. Nxd4 Bxd4 27. Rfc1 Rc8 28.
Bxd4 Qxd4 29. Qc3 Rfd8 30. Qxd4 Rxd4 31. Rc3 Bd7 32. c6 Rxb4 33. Rxb4 Bxc6 34.
Bxc6 Rxc6 35. Rbb3 Nxb3 36. Rxc6 a5 37. Rb6 Nd4 38. Ra6 a4 39. Kg1 f6 40. Kf2
Kf7 41. Ke3 Nf5+ 42. Ke4 Nd6+ 43. Kd5 f5 44. Ke5 Ne8 45. Ra7 Nd6 46. Ra5 Ke8
47. Ke6 Kd8 48. Ra7 Kc8 49. Kxe7 Nb7 50. d4 Kc7 51. Ra6 a3 52. Rxa3 Kb6 53. d5
b4 54. Ra1 Kc5 55. Rd1 b3 56. d6 Kc4 57. d7 Kc3 58. d8=Q Nxd8 59. Rxd8 b2 60.
Rb8 1-0

[Event "European Individual Chess Championship "]
[Site "Reykjavik, Iceland"]
[Date "2021.08.29"]
[Round "4.63"]
[White "Heidarsson, Arnar Milutin"]
[Black "Koellner, Aaron Noah"]
[Result "1-0"]
[WhiteElo "1916"]
[BlackElo "2248"]
[PlyCount "89"]
[EventDate "2021.08.26"]

1. d4 d6 2. e4 Nf6 3. Nc3 e5 4. Nf3 Nbd7 5. Bc4 Be7 6. O-O c6 7. a4 a5 8. dxe5
dxe5 9. Qe2 h6 10. Rd1 Qc7 11. h3 Nf8 12. Be3 Ng6 13. Kh2 O-O 14. g3 Kh8 15.
Ne1 Nf4 16. gxf4 exf4 17. e5 fxe3 18. Qxe3 Nd7 19. f4 f6 20. e6 Nc5 21. Kh1 f5
22. Nf3 Rf6 23. Nd4 b6 24. Rg1 Bd6 25. e7 Qxe7 26. Qf3 Bb7 27. Rae1 Qc7 28. Qh5
Raf8 29. Rg6 Ne4 30. Nxe4 fxe4 31. Ne6 Rxe6 32. Bxe6 Bxf4 33. Rxe4 Qd6 34. Bc8
Qd2 35. Rg2 Qc1+ 36. Rg1 Qd2 37. Re2 Qd4 38. Bxb7 Qd7 39. Ba6 b5 40. axb5 cxb5
41. Bxb5 Qb7+ 42. Rgg2 Bg5 43. Re8 Qxb5 44. Rxf8+ Kh7 45. Qe8 1-0

[Event "European Individual Chess Championship "]
[Site "Reykjavik, Iceland"]
[Date "2021.08.29"]
[Round "4.65"]
[White "Thorhallsson, Simon"]
[Black "Haraldsson, Haraldur"]
[Result "1-0"]
[WhiteElo "2199"]
[BlackElo "1918"]
[PlyCount "49"]
[EventDate "2021.08.26"]

1. e4 e5 2. Nf3 Nc6 3. Bc4 d6 4. d4 Bg4 5. c3 Bxf3 6. Qxf3 Qf6 7. Qg3 exd4 8.
O-O Be7 9. cxd4 Qxd4 10. Bxf7+ Kxf7 11. Qb3+ d5 12. Qxb7 Nf6 13. Qxc6 dxe4 14.
Nc3 Qe5 15. Qc4+ Kg6 16. Be3 Bd6 17. g3 Qf5 18. Rad1 h5 19. Nd5 h4 20. Nxf6
gxf6 21. Qe2 Qh3 22. Bf4 Rae8 23. Bxd6 cxd6 24. Rxd6 Rh5 25. Rxf6+ 1-0

[Event "European Individual Chess Championship "]
[Site "Reykjavik, Iceland"]
[Date "2021.08.29"]
[Round "4.66"]
[White "Gombocz, Ferenc Jr."]
[Black "Ragnarsson, Johann"]
[Result "1-0"]
[WhiteElo "2191"]
[BlackElo "1916"]
[PlyCount "75"]
[EventDate "2021.08.26"]

1. c4 e6 2. g3 d5 3. Bg2 dxc4 4. Qa4+ c6 5. Qxc4 b5 6. Qc2 Nf6 7. a4 b4 8. d3
Bb7 9. Nd2 Nbd7 10. Nc4 a5 11. Bf4 Nc5 12. Nf3 Nd5 13. Bd2 b3 14. Qd1 Nb4 15.
Bxb4 axb4 16. a5 Be7 17. O-O O-O 18. d4 Na6 19. Nb6 Ra7 20. Qxb3 c5 21. Rfd1
Bc6 22. Ne5 Bxg2 23. Kxg2 Qc7 24. Rdc1 Qb7+ 25. Qf3 Qxf3+ 26. Kxf3 cxd4 27. Nc8
Rb7 28. Rc6 f6 29. Nc4 Bc5 30. N8d6 Bxd6 31. Rxa6 Bc5 32. Rxe6 Ba7 33. a6 Rd7
34. Rd6 Rfd8 35. Rxd7 Rxd7 36. Ra4 Bc5 37. Ra5 Rc7 38. Rxc5 1-0

[Event "European Individual Chess Championship "]
[Site "Reykjavik, Iceland"]
[Date "2021.08.29"]
[Round "4.67"]
[White "Kanyamarala, Trisha"]
[Black "Briem, Benedikt"]
[Result "1-0"]
[WhiteElo "2180"]
[BlackElo "1858"]
[PlyCount "91"]
[EventDate "2021.08.26"]

1. d4 Nf6 2. c4 e6 3. Nc3 Bb4 4. e3 O-O 5. Bd2 d5 6. Nf3 b6 7. cxd5 exd5 8. Bd3
Bb7 9. Rc1 Be7 10. Qc2 Nbd7 11. O-O c5 12. Rfe1 Re8 13. Rcd1 Bf8 14. Ng5 g6 15.
h3 Rc8 16. Qb1 a6 17. Be2 Bh6 18. Nf3 Ne4 19. dxc5 bxc5 20. Nxe4 dxe4 21. Nh2
Qe7 22. Bc3 Bg7 23. Qc2 Ne5 24. Ng4 Nxg4 25. Bxg4 Rcd8 26. Ba5 Rd3 27. Be2 Rd5
28. Rxd5 Bxd5 29. Rd1 Qb7 30. b3 Rc8 31. Bg4 f5 32. Be2 Bf7 33. Rd6 Rc6 34.
Rd8+ Bf8 35. Qd2 Rc8 36. Rd7 Qc6 37. Ra7 Ra8 38. Rc7 Qf6 39. Rxf7 Qa1+ 40. Bf1
Kxf7 41. Qd5+ Kg7 42. Qxa8 Qxa2 43. Bc3+ Kf7 44. Bc4+ Ke7 45. Qb7+ Kd8 46. Bf6+
1-0

[Event "European Individual Chess Championship "]
[Site "Reykjavik, Iceland"]
[Date "2021.08.29"]
[Round "4.68"]
[White "Maggason, Oskar"]
[Black "Player, Edmund C"]
[Result "0-1"]
[WhiteElo "1783"]
[BlackElo "2172"]
[PlyCount "59"]
[EventDate "2021.08.26"]

1. d4 d5 2. c4 dxc4 3. Nf3 Nf6 4. Nc3 a6 5. a4 Nc6 6. e3 Na5 7. Nd2 Be6 8. Be2
g6 9. O-O Bg7 10. Qc2 c5 11. Nf3 Nb3 12. Ra3 cxd4 13. Nxd4 Nxd4 14. exd4 Rc8
15. Bf3 Qd7 16. Rd1 O-O 17. Qe2 Bg4 18. a5 Rfd8 19. Na4 Bxf3 20. Qxf3 Nd5 21.
Nc5 Qc6 22. Qe4 e5 23. Bg5 f6 24. Be3 Nxe3 25. Qxc6 Rxc6 26. fxe3 Rxc5 27. Re1
exd4 28. exd4 Rcd5 29. Rae3 Bf8 30. Re6 {unreadable} 0-1

[Event "European Individual Chess Championship "]
[Site "Reykjavik, Iceland"]
[Date "2021.08.29"]
[Round "4.69"]
[White "Birkisson, Bardur Orn"]
[Black "Gudmundsson, Gunnar Erik"]
[Result "1/2-1/2"]
[WhiteElo "2163"]
[BlackElo "1844"]
[PlyCount "111"]
[EventDate "2021.08.26"]

1. c4 Nf6 2. g3 g6 3. b3 Bg7 4. Bb2 O-O 5. Bg2 d6 6. Nc3 e5 7. Nf3 c6 8. d4 e4
9. Ng5 d5 10. O-O Nh5 11. Nh3 f5 12. cxd5 cxd5 13. f4 Nc6 14. Na4 Nf6 15. Rc1
Ng4 16. Qd2 Re8 17. Rfd1 Bf8 18. Nc5 Qc7 19. Rc3 Bd7 20. Rdc1 Rac8 21. a3 Kg7
22. Qd1 b6 23. Nxd7 Qxd7 24. Nf2 Nxf2 25. Kxf2 Rc7 26. e3 Rec8 27. b4 Nb8 28.
Qb3 Rxc3 29. Rxc3 Rxc3 30. Bxc3 b5 31. Bf1 a6 32. Be2 Qc6 33. Bd1 Nd7 34. a4
bxa4 35. Qxa4 Qxa4 36. Bxa4 Nb8 37. h3 Kf6 38. b5 axb5 39. Bxb5 Ke6 40. g4 Nd7
41. Ba5 Be7 42. Bc7 Bb4 43. Bc6 Nf6 44. gxf5+ gxf5 45. Bd8 Ng8 46. Bc7 Ne7 47.
Bb7 Kd7 48. Be5 Ke6 49. Bg7 Kf7 50. Bh6 Ba3 51. Bg5 Ke6 52. Bh4 h6 53. Kg2 Bc1
54. Bf2 Bd2 55. Kg3 Ng6 56. Bc8+ 1/2-1/2

[Event "European Individual Chess Championship "]
[Site "Reykjavik, Iceland"]
[Date "2021.08.29"]
[Round "4.70"]
[White "Bergsson, Stefan"]
[Black "Acevedo Mendez, Lisseth"]
[Result "1-0"]
[WhiteElo "2158"]
[BlackElo "1825"]
[PlyCount "145"]
[EventDate "2021.08.26"]

1. c4 Nf6 2. Nc3 g6 3. g3 Bg7 4. Bg2 d6 5. e4 O-O 6. Nge2 e5 7. O-O Nc6 8. d3
Ne8 9. Be3 f5 10. exf5 Bxf5 11. d4 Qc8 12. Re1 Nf6 13. Nd5 Nxd5 14. cxd5 Ne7
15. Rc1 Qd7 16. dxe5 Bxe5 17. Qb3 b6 18. Bd4 Bxd4 19. Nxd4 Rac8 20. h3 h5 21.
Nc6 Rf7 22. Qe3 Nxc6 23. dxc6 Qd8 24. Bd5 Qf6 25. Qe7 Kg7 26. Bxf7 Qxf7 27. Qg5
Re8 28. Rxe8 Qxe8 29. g4 hxg4 30. hxg4 Bd3 31. Qe3 Qxe3 32. fxe3 Kf6 33. Kf2
Be4 34. b4 b5 35. Rc3 Ke6 36. Ra3 Bxc6 37. Rxa7 Kd7 38. g5 Be4 39. Kg3 Kc6 40.
Kf4 d5 41. Ra3 Kd6 42. Rc3 c6 43. a3 Bf5 44. Rc5 Bd3 45. Rc1 Be4 46. Kg3 Kd7
47. Kf2 Bd3 48. Kg3 Be4 49. Rf1 Bf5 50. Kh4 Ke6 51. Kg3 Ke5 52. Rh1 d4 53.
exd4+ Kxd4 54. Rc1 Be4 55. Kf4 Bd5 56. Rd1+ Kc3 57. Ke5 Kb2 58. Rd3 Bb3 59. Kd6
Kxa3 60. Kc5 Ka4 61. Rd6 Bc2 62. Rxc6 Be4 63. Ra6+ Kb3 64. Ra5 Bd3 65. Rxb5
Bxb5 66. Kxb5 Kc3 67. Kc5 Kd3 68. b5 Ke4 69. b6 Kf5 70. b7 Kxg5 71. b8=Q Kh4
72. Qh2+ Kg4 73. Kd4 1-0